Address of Representative R. Walton Moore (Record no. 17073)

MARC details
000 -LEADER
fixed length control field 00927cam a22002531 4500
001 - CONTROL NUMBER
control field ca 33000467
003 - CONTROL NUMBER IDENTIFIER
control field DLC
005 - DATE AND TIME OF LATEST TRANSACTION
control field 20260227111128.0
008 - FIXED-LENGTH DATA ELEMENTS--GENERAL INFORMATION
fixed length control field 791227s1927 dcu 000 0 eng
010 ## - LIBRARY OF CONGRESS CONTROL NUMBER
LC control number ca 33000467
035 ## - SYSTEM CONTROL NUMBER
System control number (OCoLC)5825669
040 ## - CATALOGING SOURCE
Original cataloging agency DLC
Transcribing agency Vi
Modifying agency DLC
042 ## - AUTHENTICATION CODE
Authentication code premarc
050 00 - LIBRARY OF CONGRESS CALL NUMBER
Classification number F303
Item number .M85
082 ## - DEWEY DECIMAL CLASSIFICATION NUMBER
Classification number 973.312
100 1# - MAIN ENTRY--PERSONAL NAME
Personal name Moore, Robert Walton,
Dates associated with a name 1859-1941.
245 00 - TITLE STATEMENT
Title Address of Representative R. Walton Moore
Remainder of title of Virginia at York, Pennsylvania, October 14, 1927, at the celebration of the 150th anniversary of the session there of the Continental Congress.
260 ## - PUBLICATION, DISTRIBUTION, ETC.
Place of publication, distribution, etc. [Washington?]
Date of publication, distribution, etc. 1927.
300 ## - PHYSICAL DESCRIPTION
Extent 17 numb. l.
Dimensions 27 cm.
500 ## - GENERAL NOTE
General note Caption title. At head of title: For release the afternoon of Friday, October 14, 1927.
500 ## - GENERAL NOTE
General note Mimeographed.
610 10 - SUBJECT ADDED ENTRY--CORPORATE NAME
Corporate name or jurisdiction name as entry element United States.
Subordinate unit Continental Congress.
651 #0 - SUBJECT ADDED ENTRY--GEOGRAPHIC NAME
Geographic name United States
General subdivision Politics and government
Chronological subdivision 1775-1783.

No items available.

Powered by Koha